MARC

LEADER 00000nam0a2200000 4500
001 52748
005 20231031042852.0
035 |a (RuTPU)RU\TPU\book\55290 
035 |a RU\TPU\book\36353 
090 |a 52748 
100 |a 20030605d1978 km y0rusy50 ca 
101 0 |a rus 
102 |a UA 
105 |a a g 001zy 
200 1 |a Справочник по теории вероятностей и математической статистике  |f В. С. Королюк, Н. И. Портенко, А. В. Скороход, А. Ф. Турбин  |g Под ред. В. С. Королюка 
210 |a Киев  |c Наукова думка  |d 1978 
215 |a 582 с. 
451 1 |0 (RuTPU)RU\TPU\book\36353  |t Справочник по теории вероятностей и математической статистике  |f В. С. Королюк, Н. И. Портенко, А. В. Скороход, А. Ф. Турбин  |e 2-е изд., перераб. и доп.  |c М.  |n Наука  |d 1985  |p 640 с. 
610 1 |a математическая статистика 
610 1 |a теория вероятностей 
610 1 |a случайные процессы 
610 1 |a справочники 
610 1 |a библиотека А. Г. Стромберга 
675 |a 519.2(035)  |v 3 
701 1 |a Королюк  |b В. С.  |g Владимир Семенович 
701 1 |a Портенко  |b Н. И.  |g Николай Иванович 
701 1 |a Скороход  |b А. В.  |g Анатолий Василевич 
701 1 |a Турбин  |b А. Ф.  |g Анатолий Федорович 
702 1 |a Королюк  |b В. С.  |g Владимир Семенович  |4 340 
801 0 |a RU  |b 63413507  |c 20011210  |g PSBO 
801 1 |a RU  |b 63413507  |c 20030605  |g PSBO 
801 2 |a RU  |b 63413507  |c 20171004  |g PSBO 
900 |a Защита и противоаварийное управление на электростанциях 
900 |a Вероятностные задачи электроэнергетики 
942 |c BK